Eyewitness travel guides india / (Record no. 164409)

MARC details
000 -LEADER
fixed length control field 00412nam a22001577a 4500
005 - DATE AND TIME OF LATEST TRANSACTION
control field 20190517165055.0
010 ## - LCCN (DPL NO)
LC control number B-083030
020 ## - INTERNATIONAL STANDARD BOOK NUMBER
International Standard Book Number 0751333565
035 ## - SYSTEM CONTROL NUMBER
System control number B-083030
037 ## - SOURCE OF ACQUISITION
Source of stock number/acquisition Dorling Kindersley
082 ## - DEWEY DECIMAL CLASSIFICATION NUMBER
Classification number 915.44
245 ## - TITLE STATEMENT
Title Eyewitness travel guides india /
260 ## - PUBLICATION, DISTRIBUTION, ETC. (IMPRINT)
Place of publication, distribution, etc New York
Name of publisher, distributor, etc Dorling Kindersley
Date of publication, distribution, etc 2002
300 ## - PHYSICAL DESCRIPTION
Extent 824p
Dimensions 22cm (hbk)
942 ## - ADDED ENTRY ELEMENTS (KOHA)
Source of classification or shelving scheme Dewey Decimal Classification
Item type English Books
Classification part 915.44
Call number suffix IND
Holdings
Withdrawn status Lost status Not for loan Collection code Home library Current library Date acquired Full call number Barcode Koha item type Cost, normal purchase price Cost, replacement price
      Fiction Sarojini Nagar Sarojini Nagar 17/05/2019 915.44 IND B-083030 English Books    
        Sarojini Nagar Sarojini Nagar 06/08/2024 915.44 IND B-78033 English Books 1386.64 1386.64

© Delhi Public Library
Hit Counter
free hit counter